Регионална библиотека "Любен Каравелов" - Русе

"Джунгли" в двора (Запис номер 121904)

MARC детайли
000 -Лидер
Контролно поле с фиксирана дължина 01750nam a2200361 c 4500
003 - Код на организацията, давaща контролен номер
Контролно поле BLK
005 - Дата и час на последна редакция
Контролно поле 20180422110809.0
008 - Елементи от данни с фиксирана дължина
fixed length control field 180409b bul|||||r ||||||| ||bul||
010 ## - Наследен системен номер
LC control number KNG00127536000
040 ## - Източник на каталожния запис
Идентификатор на билиотеката - собственик на записа BLK
041 ## - Код за език
Код за езика на текст/звукозапис или на отделно заглавие Български
Код за езика КДБФ Български
080 ## - УДК
Текстов определител УДК Насекоми. Insecta. Ентомология
УДК код - определител по УДК 595.7
УДК определител
УДК - код + определител 595.7
080 ## - УДК
Текстов определител УДК Членести, Articulata; Червеи, Vermes; Ракообразни, Branchiata; Паякообразни, Arachnoidea(паяци, скорпиони и др. ); Многоножки, Myriapoda
УДК код - определител по УДК 595.1/.6
УДК определител
УДК - код + определител 595.1/.6
100 1# - Редна дума - Автор
Автор Аракчеев, Юрий
Авторска отговорност първи автор
R(LIN) 33274
139 ## - Редно поле
Редна дума Аракчеев, Юрий
Авторски знак Ар - А 80
245 10 - Сведения за заглавието
Заглавие "Джунгли" в двора
Подзаглавни данни Очерци
Редно поле (дума) Юрий Аракчеев; прев. от рус. Атанаска Сл. Тошева; предг. от Михаил Йосифов.
257 ## - Страна на издаване
Страна на създаване/издаване СССР
260 ## - Област на издателските данни
-- София
Име на издателя, разпространителя и проч. Земиздат
Година на издаване 1989
300 ## - Физическа характеристика
Страници 184 с., 8 л.
Илюстрации и др. цв. ил.
Размери/Мащаб 20 см
380 ## - Жанр
Жанр Естествени науки. Математика
500 ## - Общи забележки
Забележка Ориг. загл. Джунгли во дворе / Юрий Аракчеев. - Предг. от Михаил Йосифов и Николай Николаевич Дроздов.
650 #4 - Допълнително описание по предмет – тема
Основно описание – тема или топоним Насекоми
9 (RLIN) 163479
650 #4 - Допълнително описание по предмет – тема
Основно описание – тема или топоним Паяци
9 (RLIN) 165913
653 ## - Ключова дума – ненормативна
Ключова дума насекоми
653 ## - Ключова дума – ненормативна
Ключова дума паяци
700 1# - Други автори (авторска отговорност)
Лично име Тошева, Атанаска Сл.
Автороска отговорност (Описва отношението между автора и произведението) прев. от рус.
9 (RLIN) 317305
700 1# - Други автори (авторска отговорност)
Лично име Йосифов, Михаил
Автороска отговорност (Описва отношението между автора и произведението) предг. от
9 (RLIN) 375831
852 ## - Местоположение
Форматна сигнатура Цб 158027
856 4# - Електронен адрес и достъп
Електронен формат pdf - файл
Път до файла /url/
856 4# - Електронен адрес и достъп
Електронен формат pdf - файл
Път до файла /url/
942 ## - АРТИКУЛИ
Вид на библиотечния материал Книги
Скрит в OPAC Не
944 ## - СЪЗДАВАНЕ И РЕДАКЦИЯ на ЗАПИСА
Създаване/Редакция Създаване
Дата на регистрацията/редакция 16.02.2012
Статус, дата на статуса 16.02.2012 - от С1,Р / 16.02.2012
Служител, извършил регистрацията/редакцията Севдалина_Василева
944 ## - СЪЗДАВАНЕ И РЕДАКЦИЯ на ЗАПИСА
Създаване/Редакция Редакция
Дата на регистрацията/редакция 25.09.2017
Статус, дата на статуса 16.02.2012 - от С1,Р / 16.02.2012
Служител, извършил регистрацията/редакцията Севдалина_Василева
999 ## - СИСТЕМНИ КОНТРОЛНИ НОМЕРА
Koha biblionumber 121904
Koha biblioitemnumber 121904
Наличности
Код за отписване Код за изгубен артикул Източник на класификационната схема Код за повреда Коз за рестрикции Код за отдаване Артикулен № Име на библиотеката - собственик Име на библиотеката, в която се намира в момента Статус (Текущо местоположение) Дата на вписване в системата Местоположение - отдел Цена в лева Инвентарен номер Систематично азбучна сигнатура Баркод Номер на екземпляра Цена в евро Служебна бележка Служебен тип на артикула Бележка за публиката
  Не е изгубен Universal Decimal Classification Не е повреден без рестрикции ползва се в читалня 197114 Регионална библиотека "Любен Каравелов" Русе Регионална библиотека "Любен Каравелов" Русе Хранилище 1989-01-01 Хранилище 1.10 518359 Цб 158027 120000518359 1 0.56 Дост: Dp Вид: Д N: стар фонд Дата: 01.01.1989 Книги  
Изтеглен Не е изгубен Universal Decimal Classification Не е повреден без рестрикции заемане за дома 197115 Регионална библиотека "Любен Каравелов" Русе Регионална библиотека "Любен Каравелов" Русе Заемна - подръчен фонд 1989-01-01 Заемна - подръчен фонд 1.10 518642 П 592/599/А 80 518642 2 0.56 Дост: Pk Вид: Ф N: стар фонд Дата: 01.01.1989 Дата инв: 02.02.2018 Бележки инв: П2018 Книги  
Изтеглен Не е изгубен   Не е повреден без рестрикции заемане за дома 197116 Регионална библиотека "Любен Каравелов" Русе Регионална библиотека "Любен Каравелов" Русе   1989-01-01 Детски отдел 1.10 518648 ДН 59/А 80 518648 3 0.56 Дост: Pk Вид: Ф N: стар фонд Дата: 01.01.1989 Дата инв: 01.10.2015 Бележки инв: Д2015 Книги Отч.N: 39/2017 , Дата: 07.09.2017
Vip Innovations Ltd, Rousse, Bulgaria 2025